Представление документа в формате MARC21

ПолеНазваниеЗначение
  Тип записи a
  Библиографический уровень m
001 Контрольный номер RU\infra-m\znanium\bibl\2227675
005 Дата корректировки 20260429142109.5
008 Кодируемые данные 251103s2025 RU g rus u
020 Индекс ISBN __
a ISBN 978-5-16-114353-7 (электр. издание)
040 Источник каталогиз. __
a Служба первич. каталог. Общество с ограниченной ответственностью «ЗНАНИУМ»
041 Код языка издания __
a Код языка текста rus
044 Код страны публикации __
a Код страны публикации RU
080 Индекс УДК __
a Индекс УДК 004.056.5+347.77.03
084 Индекс другой классификации/Индекс ББК __
2 Источник индекса rubbk
a Индекс другой классификации/Индекс ББК 67.400.3
084 Индекс другой классификации/Индекс ББК __
2 Источник индекса okso
a Индекс другой классификации/Индекс ББК 38.04.03
084 Индекс другой классификации/Индекс ББК __
2 Источник индекса okso
a Индекс другой классификации/Индекс ББК 43.03.01
084 Индекс другой классификации/Индекс ББК __
2 Источник индекса okso
a Индекс другой классификации/Индекс ББК 43.03.02
084 Индекс другой классификации/Индекс ББК __
2 Источник индекса okso
a Индекс другой классификации/Индекс ББК 43.03.03
100 Автор __
a Автор Гавчук Д.В.
q Полное имя Гавчук Денис Васильевич
245 Заглавие __
a Заглавие Защита персональных данных в ресторанном бизнесе: институциональный подход
b Продолж. заглавия Учебное пособие
250 Сведения об издании __
a Основные сведения об издании 1
260 Выходные данные __
a Место издания Москва
b Издательство ООО "Научно-издательский центр ИНФРА-М"
c Дата издания 2026
300 Физическое описание __
a Объем 94 с.
520 Аннотация __
a Аннотация Учебное пособие посвящено актуальной и важной теме защиты персональных данных клиентов в условиях современного ресторанного бизнеса. Книга охватывает широкий спектр вопросов касающихся обработки и хранения персональной информации гостей ресторанов кафе и гостиниц. Читатель познакомится с законодательными нормами Российской Федерации регулирующими деятельность предприятий общественного питания относительно обращения с персональными данными включая Федеральный закон № 152-ФЗ «О персональных данных». Издание ориентировано на студентов высших учебных заведений обучающихся по направлениям «Туризм» «Сервис» «Менеджмент организаций питания» а также всех заинтересованных лиц стремящихся повысить уровень своей профессиональной компетенции в области информационной безопасности.
521 Примеч. о цел. назн. __
a Примеч. о целев. назн. Профессиональное образование
650 Тематические рубрики __
a Основная рубрика Право. Юридические науки
x Основная подрубрика Право интеллектуальной собственности. Патентное право. Информационное право
655 Указ. предметных рубрик (устаревшее) __
a Жанр/ форма (устаревшее) Учебное пособие
856 Электронный адрес документа 4_
a Имя сервера/домена znanium.ru
m Помощь ebs_support@infra-m.ru
n Местонахождение сервера НИЦ ИНФРА-М
u URL https://znanium.ru/catalog/document?id=472079
856 Электронный адрес документа 48
a Имя сервера/домена znanium.ru
d Путь /cover/2227
f Электронное имя 2227675.jpg
q Тип электронного формата image/jpeg
u URL https://znanium.ru/cover/2227/2227675.jpg
911 __
u 0030=https://znanium.ru/catalog/document?id=472079